[Event "Buenos Aires Anaya Memorial 1st"]
[Site "Buenos Aires"]
[Date "2019.05.10"]
[Round "2.2"]
[White "Ducros, Marcelo Raul"]
[Black "Ruiz Diaz, Alfredo"]
[Result "1-0"]
[WhiteElo "2045"]
[BlackElo "1957"]
[PlyCount "85"]
[EventDate "2019.05.03"]
[EventType "tourn"]
[EventRounds "5"]
[EventCountry "ARG"]
[SourceTitle "EXT 2024"]
[Source "ChessBase"]
[SourceDate "2023.10.10"]
[SourceVersion "1"]
[SourceVersionDate "2023.10.10"]
[SourceQuality "1"]

1. f4 d5 2. Nf3 Nf6 3. e3 e6 4. d4 Nbd7 5. Bd3 Be7 6. 0-0 0-0 7. Nbd2 c5 8. c3 h6 9. Ne5 Ne8 10. Ndf3 f5 11. Nxd7 Bxd7 12. Ne5 c4 13. Bc2 Nf6 14. Bd2 Be8 15. Be1 Nd7 16. g4 Nxe5 17. fxe5 Bg6 18. gxf5 exf5 19. Bg3 Qe8 20. Qe2 Bg5 21. Bf4 Qe7 22. Qg2 Rad8 23. Kh1 Bh7 24. Rg1 Bxf4 25. exf4 g6 26. Bd1 Kh8 27. Bf3 Qf7 28. Rae1 Rfe8 29. e6 Qc7 30. Re5 b5 31. Bxd5 Rd6 32. Rge1 a5 33. Bf3 Qb6 34. d5 b4 35. Qg1 Qc7 36. Qd4 Kg8 37. cxb4 axb4 38. Rc1 Qg7 39. Qxc4 g5 40. Qc7 Qe7 41. Bh5 Qxc7 42. Rxc7 Red8 43. e7 1-0

[Event "Moron Philidor CC-ch 1st"]
[Site "Moron"]
[Date "2018.05.01"]
[Round "1.1"]
[White "Ducros, Marcelo Raul"]
[Black "Ruiz Diaz, Alfredo"]
[Result "1-0"]
[WhiteElo "2040"]
[BlackElo "1978"]
[PlyCount "51"]
[EventDate "2018.05.01"]
[EventType "tourn"]
[EventRounds "7"]
[EventCountry "ARG"]
[SourceTitle "EXT 2024"]
[Source "ChessBase"]
[SourceDate "2023.10.10"]
[SourceVersion "1"]
[SourceVersionDate "2023.10.10"]
[SourceQuality "1"]

1. d4 d5 2. Bf4 e6 3. e3 Nf6 4. Bd3 Bd6 5. Bg3 Nc6 6. Nf3 Nb4 7. Be2 Ne4 8. Nbd2 Nxg3 9. hxg3 Qe7 10. c3 Nc6 11. e4 dxe4 12. Nxe4 Qd8 13. Bd3 Be7 14. Qe2 a6 15. 0-0-0 b5 16. Ne5 Bd7 17. Qf3 Nxe5 18. dxe5 c5 19. Bc2 Qc8 20. Rxd7 Kxd7 21. Qxf7 Qf8 22. Nxc5+ Kc6 23. Qxe6+ Kc7 24. Qd7+ Kb6 25. Qb7+ Kxc5 26. b4+ 1-0